Radiochemistry and nuclear chemistry (Record no. 1215710)

MARC details
000 -LEADER
fixed length control field 01066nam a2200325Ia 4500
003 - CONTROL NUMBER IDENTIFIER
control field OSt
005 - DATE AND TIME OF LATEST TRANSACTION
control field 20221007125705.0
008 - FIXED-LENGTH DATA ELEMENTS--GENERAL INFORMATION
fixed length control field 221006b |||||||| |||| 00| 0 eng d
020 ## - INTERNATIONAL STANDARD BOOK NUMBER
International Standard Book Number 0750674636 (hbd)
037 ## - SOURCE OF ACQUISITION
Terms of availability Textbook
040 ## - CATALOGING SOURCE
Original cataloging agency CDL
Transcribing agency CDL
Language of cataloging eng
041 ## - LANGUAGE CODE
Source of code eng
Language code of text/sound track or separate title eng
100 ## - MAIN ENTRY--PERSONAL NAME
Personal name Choppin Gregory R
245 #0 - TITLE STATEMENT
Title Radiochemistry and nuclear chemistry
Remainder of title Liljenzin Jan-Olov Rydberg Jan
250 ## - EDITION STATEMENT
Edition statement 3
260 ## - PUBLICATION, DISTRIBUTION, ETC.
Place of publication, distribution, etc. London
Name of publisher, distributor, etc. Butterworth-Heinemann
Date of publication, distribution, etc. 2002
300 ## - PHYSICAL DESCRIPTION
Extent 709p.
Dimensions cm.
500 ## - GENERAL NOTE
General note Appendix A-C, 674-686p.; Index 687-709p.
650 ## - SUBJECT ADDED ENTRY--TOPICAL TERM
Topical term or geographic name entry element Nuclear chemistry
650 ## - SUBJECT ADDED ENTRY--TOPICAL TERM
Topical term or geographic name entry element Radiochemistry
650 ## - SUBJECT ADDED ENTRY--TOPICAL TERM
Topical term or geographic name entry element Chemistry
700 ## - ADDED ENTRY--PERSONAL NAME
Personal name Liljenzin Jan-Olov
700 ## - ADDED ENTRY--PERSONAL NAME
Personal name Rydberg Jan
942 ## - ADDED ENTRY ELEMENTS (KOHA)
Classification part E:296, N5;P2;6-;7 Carc
Koha item type Textbook
Source of classification or shelving scheme Colon Classification (CC)
Holdings
Withdrawn status Lost status Source of classification or shelving scheme Damaged status Not for loan Home library Current library Date acquired Source of acquisition Total Checkouts Full call number Barcode Date last seen Price effective from Koha item type
    Colon Classification (CC)     Department of Chemistry Library Department of Chemistry Library 2022-10-07 64, 04/12/2006, Dhanraj Book House   E:296 N5;P2;6-;7 Carc CD0007375 2022-10-07 2022-10-07 Textbook
Copyright @ Delhi University Library System